00477 2200193 4500245005000000020002200050250001100072100001800083700001500101700001500116700001900131650002500150005001900175260003700194041001400231084000800245300002100253336000900274 aMerawat Hewan PeliharaancAan WulandarihText a978-602-252-935-4 aCet. 1 aAan Wulandari aRae Sita P aFifi Afiah aAyu Prameswary aTips Perawatan Hewan a20230120112601 aJakartabErlangga for Kidsc2018 aIndonesia a636 a47 hlm. :cilus. atext